| 000 | 00425nam a22001457a 4500 | ||
|---|---|---|---|
| 999 |
_c2138 _d2138 |
||
| 003 | OSt | ||
| 005 | 20181005125257.0 | ||
| 008 | 181005b ||||| |||| 00| 0 eng d | ||
| 040 | _cDLC | ||
| 082 |
_a266 _bL743I |
||
| 100 | _aLindell, Paul J. | ||
| 245 |
_aIn stride with God : _b messages on mission from a man who lived--/ _cBy Paul J. Lindell. |
||
| 260 |
_aMinnesota : _bWorld Mission Prayer League, _cc1987. |
||
| 942 |
_2ddc _cBK |
||